Statistiken für Ewige Tabelle der 3.Liga

Klicken Sie hier um das Quiz zu spielen!

Allgemein

  • Dieses Quiz wurde 66 mal gespielt
  • Das Durchschnittsergebnis liegt bei 48 aus 67

Antwortstatistiken

Platz, GesamtpunkteAntwort% Korrekt
7, 497Dynamo Dresden
97%
16, 330TSV 1860 München
92%
33, 245Bayern München 2
90%
21, 304Borussia Dortmund 2
90%
43, 143SC Freiburg 2
90%
36, 234Fortuna Köln
87%
34, 244Viktoria Köln
87%
39, 2121.FC Kaiserslautern
85%
22, 290FC Ingolstadt
85%
8, 478RW Erfurt
85%
56, 59SSV Ulm
85%
37, 228Stuttgarter Kickers
85%
14, 369VFB Stuttgart 2
85%
9, 4201.FC Saarbrücken
84%
35, 237Arminia Bielefeld
84%
5, 552Hansa Rostock
84%
29, 265Holstein Kiel
84%
10, 414MSV Duisburg
84%
50, 92RW Essen
84%
2, 655VFL Osnabrück
84%
20, 305Carl Zeiss Jena
82%
66, 25FSV Frankfurt
82%
6, 528Preußen Münster
82%
1, 726SV Wehen Wiesbaden
82%
53, 78Union Berlin
82%
55, 62VFB Lübeck
82%
13, 3781.FC Magdeburg
80%
15, 365Eintracht Braunschweig
80%
52, 79RB Leipzig
80%
65, 26Alemannia Aachen
79%
3, 575Hallescher FC
79%
30, 264Werder Bremen 2
79%
11, 407SSV Jahn Regensburg
77%
42, 159SV Darmstadt
77%
28, 266SV Waldhof Mannheim
77%
46, 130FSV Mainz 2
75%
44, 142Energie Cottbus
74%
24, 280Erzgebirge Aue
74%
54, 69Fortuna Düsseldorf
74%
40, 195SC Paderborn
74%
17, 326FSV Zwickau
72%
63, 35VFB Oldenburg
72%
38, 219Karlsruher SC
70%
4, 570SpVgg Unterhaching
70%
18, 3211.FC Heidenheim
69%
25, 276Würzburger Kickers
69%
12, 391Chemnitzer FC
67%
62, 37Viktoria Berlin
67%
31, 263Kickers Offenbach
64%
41, 187SC Verl
62%
49, 114SV Elversberg
62%
19, 317VFR Aalen
62%
32, 261SV Sandhausen
59%
45, 137KFC Uerdingen
54%
23, 288SV Meppen
54%
58, 49Tus Koblenz
54%
51, 83Wuppertaler SV
54%
61, 38RW Oberhausen
52%
64, 32SpVgg Bayreuth
52%
59, 47Türkgücü München
52%
26, 275SG Sonnenhof Großaspach
43%
60, 39RW Ahlen
38%
67, 23TSV Havelse
38%
27, 268Wacker Burghausen
38%
47, 128Sportfreunde Lotte
36%
48, 127SV Babelsberg
34%
57, 59Kickers Emden
31%

Verteilung der Resultate

Perzentil nach korrekt beantworteten Fragen

Anzahl Personen mit jedem Resultat

Ihre Resultats-Entwicklung

Sie haben dieses Quiz noch nicht gespielt